000
00239 a2200097 4500
001
52185
100
_a
245
_a
Developments in Composite Materials-I
260
_a
New York
_b
Applied Science Publications
_c
1977
090
_c
32848
_d
32848
942
_a
NUST-CAE
_c
_c
25389
999
_c
287258
_d
287258